[Event "Moscow Open 2009 B"]
[Site "www.moscowchessopen.ru"]
[Date "2009.02.04"]
[Round "5.20"]
[White "Kovtunenko, Alexandr"]
[Black "Tiukaev, Ilgiz"]
[Result "0-1"]
[WhiteElo "2294"]
[BlackElo "2134"]
[Annotator ""]
[Source ""]
[Remark ""]

1.e4 e5 2.Nc3 Nf6 3.f4 d5 4.fxe5 Nxe4 5.d3 Nxc3 6.bxc3 d4 7.Be2
Nc6 8.Nf3 Be7 9.O-O O-O 10.Qe1 f6 11.exf6 Bxf6 12.c4 Qe7 13.Nd2
Nb4 14.Bd1 Qxe1 15.Rxe1 Bg5 16.Nb3 Bxc1 17.Rxc1 Nxa2 18.Ra1 Nb4
19.Nxd4 Bd7 20.Nb5 Bxb5 21.cxb5 a5 22.Re4 b6 23.Rc4 Rae8 24.Bf3
Re7 25.Be4 Rd8 26.Re1 g6 27.Re2 Kg7 28.Bf3 Rde8 29.Rxe7+ Rxe7
30.Be4 Kf6 31.c3 Nc2 32.Rc6+ Ke5 33.Kf2 Kf4 34.g3+ Kg5 35.h4+
Kh6 36.g4 Kg7 37.h5 Na3 38.hxg6 h6 39.Rc5 bxc5 40.Bc6 Kxg6 41.d4
cxd4 42.cxd4 Kg5 43.d5 Nc4 0-1

[Event "Moscow Open 2009 B"]
[Site "www.moscowchessopen.ru"]
[Date "2009.02.04"]
[Round "5.21"]
[White "Kapov, Albert"]
[Black "Reshetnikov, Evgeny"]
[Result "1-0"]
[WhiteElo "2176"]
[BlackElo "2299"]
[Annotator ""]
[Source ""]
[Remark ""]

1.e4 c5 2.Nf3 Nc6 3.d4 cxd4 4.Nxd4 Nf6 5.Nc3 d6 6.f3 e6 7.Be3
Be7 8.Qd2 O-O 9.O-O-O a6 10.g4 Nxd4 11.Bxd4 Nd7 12.Kb1 b5 13.h4
b4 14.Ne2 a5 15.Ng3 Ne5 16.Be2 Nc6 17.Be3 Qc7 18.Nh5 Rd8 19.Bh6
Bf8 20.Bg5 f6 21.Bf4 Qf7 22.Be3 d5 23.Bb6 Rd7 24.Qe3 e5 25.exd5
Rxd5 26.Rxd5 Qxd5 27.Rd1 Qe6 28.Qe4 Ba6 29.Bxa6 Rxa6 30.Nf4 Qc8
31.Qc4+ Kh8 32.Rd8 Qxd8 33.Bxd8 Ra8 34.Qxc6 Rxd8 35.Nd5 a4 36.c4
bxc3 37.bxc3 1-0

[Event "Moscow Open 2009 B"]
[Site "www.moscowchessopen.ru"]
[Date "2009.02.04"]
[Round "5.22"]
[White "Radomsky, Viacheslav G"]
[Black "Orlov, Oleg"]
[Result "1-0"]
[WhiteElo "2175"]
[BlackElo "2299"]
[Annotator ""]
[Source ""]
[Remark ""]

1.d4 Nf6 2.c4 c5 3.d5 e5 4.Nc3 d6 5.e4 g6 6.Bd3 Bg7 7.Nge2 Nh5
8.h3 Qe7 9.g4 Nf4 10.Nxf4 exf4 11.Bxf4 Nd7 12.Bg3 O-O 13.O-O
g5 14.Qc2 Ne5 15.f3 Ng6 16.Ne2 h5 17.Rab1 Be5 18.Bxe5 Qxe5 19.Qc3
Qxc3 20.bxc3 b6 21.Rbd1 Kg7 22.Kf2 Rh8 23.Rh1 Bd7 24.Ng3 Nf4
25.Bc2 a6 26.e5 dxe5 27.Bf5 h4 28.Bxd7 hxg3+ 29.Kxg3 Rh6 30.Rd2
Rah8 31.Rdh2 Kf6 32.Bf5 Ke7 33.a4 Kd6 34.Be4 Kc7 35.Bf5 Rh4 36.Bc2
b5 37.axb5 axb5 38.cxb5 c4 39.Be4 R4h6 40.Kf2 Kb6 41.Ke3 Ra8
42.h4 gxh4 43.g5 Rh5 44.d6 Rd8 45.Rd2 Rxg5 46.Bc6 Rg6 47.Ke4
Nd3 48.d7 Kc5 49.Rxh4 Rxc6 50.bxc6 Kxc6 51.Rh6+ Kxd7 52.Kf5 Rc8
53.Ra2 Rc5 54.Ke4 Rc7 55.Kf5 Nc1 56.Rg2 Nd3 57.Rg7 Ke7 58.Rxf7+
Kxf7 59.Rh7+ Ke8 60.Rxc7 1-0

[Event "Moscow Open 2009 B"]
[Site "www.moscowchessopen.ru"]
[Date "2009.02.04"]
[Round "5.23"]
[White "Asefi, Zaheeruddeen"]
[Black "Krivonos, Nikolay"]
[Result "0-1"]
[WhiteElo "2172"]
[BlackElo "2294"]
[Annotator ""]
[Source ""]
[Remark ""]

1.d4 f5 2.g3 Nf6 3.Bg2 g6 4.c4 Bg7 5.Nc3 O-O 6.Nh3 d6 7.O-O c6
8.d5 cxd5 9.cxd5 Na6 10.Rb1 Nc5 11.b4 Nfe4 12.Nb5 a6 13.bxc5
axb5 14.Bb2 Nxc5 15.Bxg7 Kxg7 16.Qd4+ Rf6 17.Rxb5 Rxa2 18.Nf4
Bd7 19.Rb4 Qa5 20.Rfb1 b5 21.Bf3 Ra4 22.e3 Rxb4 23.Rxb4 Kg8 24.Rb1
Rf8 25.Ra1 Na4 26.Kg2 Rc8 27.Be2 Qc3 28.Qxc3 Rxc3 29.Rb1 Rc5
30.Bf3 Kf7 31.Rb3 Ke8 32.Ne2 Kd8 33.Kf1 Kc7 34.Ke1 Kb6 35.Kd2
Rc4 36.Nd4 Nc5 37.Rb1 Ra4 38.Rb2 Ra3 39.Be2 Ne4+ 40.Ke1 Ra1+
41.Bd1 Nc3 42.Rd2 b4 43.Nb3 Rxd1+ 44.Rxd1 Nxd1 45.Kxd1 Ba4 46.Kc2
g5 47.f3 g4 48.fxg4 fxg4 49.Kb2 Bxb3 50.Kxb3 Kc5 0-1

[Event "Moscow Open 2009 B"]
[Site "www.moscowchessopen.ru"]
[Date "2009.02.04"]
[Round "5.24"]
[White "Konenkin, Dmitry"]
[Black "Remizov, Juri"]
[Result "0-1"]
[WhiteElo "2289"]
[BlackElo "2174"]
[Annotator ""]
[Source ""]
[Remark ""]

1.d4 b5 2.e4 a6 3.Bd3 Bb7 4.f4 Nf6 5.Qe2 e6 6.Nf3 c5 7.c3 cxd4
8.cxd4 Nc6 9.Nc3 Na5 10.O-O Rc8 11.Nb1 Qb6 12.Nbd2 Nc6 13.Nb3
Nb4 14.Bb1 a5 15.a3 Nc6 16.Be3 Ng4 17.Kh1 Nxe3 18.Qxe3 d6 19.Qd2
a4 20.Nc1 Na5 21.f5 Be7 22.fxe6 fxe6 23.Ba2 Nc4 24.Bxc4 bxc4
25.Ng5 Kd7 26.Re1 h6 27.Nf3 Rhf8 28.d5 Bf6 29.Ne2 exd5 30.exd5
Rfe8 31.Nf4 Bxb2 32.Rab1 Rxe1+ 33.Qxe1 c3 34.Qe6+ Kc7 35.Ne1
Kb8 36.Nc2 Qf2 37.Qe4 Rf8 38.Ne2 Qf5 39.Qe7 Qf6 40.Qd7 Qe5 41.Nxc3
Qxc3 42.Qxd6+ Ka7 43.Qxf8 Qxc2 44.Rd1 Bxd5 45.Qf1 Bxa3 46.h3
Bc6 47.Re1 Qc3 48.Kh2 Bd6+ 49.Kg1 a3 50.Ra1 Be5 0-1

[Event "Moscow Open 2009 B"]
[Site "www.moscowchessopen.ru"]
[Date "2009.02.04"]
[Round "5.25"]
[White "Timofeev, Vladimir F"]
[Black "Tchernyi, Viktor"]
[Result "1-0"]
[WhiteElo "2288"]
[BlackElo "2154"]
[Annotator ""]
[Source ""]
[Remark ""]

1.e4 c5 2.c3 e6 3.Nf3 d5 4.exd5 exd5 5.d4 Nc6 6.Be3 Qb6 7.Qe2
c4 8.Qc2 Bd6 9.Nbd2 Nge7 10.b3 Bf5 11.Qc1 Qa5 12.a4 cxb3 13.Nxb3
Qb6 14.Nc5 O-O 15.Be2 Ng6 16.O-O Qc7 17.c4 Nb4 18.cxd5 Nxd5 19.Bd3
Bg4 20.Be4 Nf6 21.h3 Bc8 22.Bd3 Re8 23.Re1 b6 24.Na6 Qb7 25.Bb5
Bd7 26.Qd2 Rec8 27.Bxd7 Qxd7 28.Qd3 Nd5 29.Bd2 h6 30.Ne5 Ndf4
31.Bxf4 Nxf4 32.Qe4 Bxe5 33.dxe5 Ne6 34.Red1 Qc6 35.Qf5 Rd8 36.Rdc1
Qb7 37.Nb4 Nc5 38.Rc3 Rd4 39.Nc2 Rxa4 40.Rxa4 Nxa4 41.Rg3 Nc5
42.Ne3 Qe4 43.Qf6 g6 44.Nf5 Ne6 45.Rxg6+ 1-0

[Event "Moscow Open 2009 B"]
[Site "www.moscowchessopen.ru"]
[Date "2009.02.04"]
[Round "5.26"]
[White "Bobrov, Yury"]
[Black "Birjukov, Sergey"]
[Result "1-0"]
[WhiteElo "2169"]
[BlackElo "2287"]
[Annotator ""]
[Source ""]
[Remark ""]

1.e4 e6 2.d4 d5 3.Nc3 Nf6 4.Bg5 Be7 5.e5 Ne4 6.Bxe7 Qxe7 7.Nge2
b6 8.f3 Nxc3 9.Nxc3 O-O 10.Be2 c5 11.Nb5 cxd4 12.O-O Nc6 13.f4
f6 14.Nxd4 Qc5 15.c3 fxe5 16.fxe5 Rxf1+ 17.Bxf1 Nxe5 18.Qh5 Ng6
19.Kh1 e5 20.Nf3 Qd6 21.Re1 e4 22.Nd4 Qe5 23.Qd1 Bb7 24.Qa4 a6
25.Qb3 b5 26.a4 Qf4 27.axb5 Qf2 28.Rb1 Rf8 29.Qd1 axb5 30.Qe2
b4 31.Qxf2 Rxf2 32.Kg1 e3 33.cxb4 Rf4 34.Rd1 Ne5 35.b5 Nc4 36.Bxc4
dxc4 37.Nc6 h5 38.Rf1 Re4 39.Re1 h4 40.Re2 g5 41.Kf1 Bc8 42.Ke1
Bd7 43.Rc2 Kg7 44.Na7 Be6 45.b6 Bd5 46.Nb5 h3 47.g3 Re7 48.Nc7
Bf3 49.Rc3 Kf6 50.b3 cxb3 51.Rxb3 g4 52.Rd3 Kf5 53.Nb5 Ke4 54.Rd4+
Ke5 55.Rd3 Ke4 56.Rd8 Ke5 57.Nc7 e2 58.Re8 Rxe8 59.Nxe8 Ke6 60.Ng7+
Kf6 61.Nh5+ Ke5 62.Nf4 Kd6 63.Nxe2 Kc5 64.Kf2 Kxb6 65.Nd4 Bd1
66.Ke3 Kc5 67.Nf5 Kd5 68.Kf4 Ke6 69.Ne3 Be2 70.Nxg4 Bf1 71.Kg5
Kf7 72.Nf2 Kg7 73.Kh4 Bb5 74.Nxh3 1-0

[Event "Moscow Open 2009 B"]
[Site "www.moscowchessopen.ru"]
[Date "2009.02.04"]
[Round "5.27"]
[White "Bronnikov, Konstantin"]
[Black "Selensky, A"]
[Result "1/2-1/2"]
[WhiteElo "2285"]
[BlackElo "2146"]
[Annotator ""]
[Source ""]
[Remark ""]

1.e4 c5 2.Ne2 Nc6 3.d4 cxd4 4.Nxd4 Nf6 5.Nc3 e5 6.Ndb5 d6 7.Bg5
a6 8.Na3 b5 9.Nd5 Be7 10.Bxf6 Bxf6 11.c3 Bg5 12.Nc2 O-O 13.h4
Bh6 14.g4 Bf4 15.a4 bxa4 16.Rxa4 a5 17.Bc4 Rb8 18.b3 Be6 19.Nce3
Ne7 20.Nxe7+ Qxe7 21.Nd5 Qd7 22.Rg1 Qd8 23.g5 Kh8 24.Qd3 Bxd5
25.Bxd5 g6 26.Qh3 Qc8 27.Rh1 Qc7 28.Ke2 Rb5 29.Rha1 Kg7 30.c4
Rc5 31.b4 axb4 32.Rxb4 Rb8 33.Rab1 Rxb4 34.Rxb4 Qa5 35.Rb7 Rc7
36.Rxc7 Qxc7 37.Kf1 Qe7 38.Qg4 Qd8 39.Kg2 1/2-1/2

[Event "Moscow Open 2009 B"]
[Site "www.moscowchessopen.ru"]
[Date "2009.02.04"]
[Round "5.28"]
[White "Nikologorskiy, Konstantin"]
[Black "Kirillov, Igor"]
[Result "1-0"]
[WhiteElo "2168"]
[BlackElo "2277"]
[Annotator ""]
[Source ""]
[Remark ""]

1.c4 Nf6 2.Nc3 g6 3.g3 Bg7 4.Bg2 O-O 5.e4 d6 6.Nge2 c5 7.O-O
Nc6 8.h3 Ne8 9.f4 Nc7 10.d3 Rb8 11.Rb1 b5 12.b3 Nd4 13.Bb2 b4
14.Nd5 e6 15.Ne3 a5 16.g4 f5 17.g5 a4 18.h4 Bb7 19.Bxd4 cxd4
20.Nc2 Na6 21.Ng3 Qd7 22.Qd2 a3 23.Rbe1 Rfe8 24.h5 Bc6 25.Rf2
Nc5 26.exf5 gxf5 27.Bh3 d5 28.h6 Bh8 29.cxd5 Bxd5 30.Bf1 Qb7
31.Bg2 Na6 32.Qe2 Bxg2 33.Rxg2 Kf8 34.Nf1 Rbc8 35.g6 hxg6 36.Rxg6
Qf7 37.Rg2 Rb8 38.Qf2 Red8 39.Qf3 Nc7 40.Qc6 Nd5 41.h7 Rbc8 42.Qb5
Bg7 43.Nxb4 Nxf4 44.Rg3 Qh5 45.Rxg7 Nh3+ 46.Kg2 Kxg7 47.Qe5+
Kxh7 48.Ng3 Qg6 49.Rh1 Kg8 50.Rxh3 Kf7 51.Kf2 Rd7 52.Ne2 Qg7
53.Qh2 Kf6 54.Rh6+ Kf7 55.Rh7 1-0

[Event "Moscow Open 2009 B"]
[Site "www.moscowchessopen.ru"]
[Date "2009.02.04"]
[Round "5.29"]
[White "Nefedov, Sergey"]
[Black "Gankin, Stanislav"]
[Result "0-1"]
[WhiteElo "2166"]
[BlackElo "2275"]
[Annotator ""]
[Source ""]
[Remark ""]

1.d4 Nf6 2.Nf3 d5 3.c4 e6 4.Nc3 Be7 5.Bg5 Nbd7 6.e3 O-O 7.Qc2
c6 8.cxd5 exd5 9.Bd3 Re8 10.O-O Nf8 11.Rab1 Ng6 12.Ne5 Ng4 13.Bxe7
Qxe7 14.Nxg4 Bxg4 15.Bf5 Qg5 16.Bxg4 Qxg4 17.Qe2 Qg5 18.Kh1 f5
19.g3 Qf6 20.Qf3 Nf8 21.h4 Nd7 22.b4 a6 23.Na4 b5 24.Nb2 Nb6
25.Nd3 Nc4 26.Rfd1 a5 27.Qf4 Re4 28.Qc7 Re7 29.Qf4 h6 30.Kg2
Re4 31.Qf3 axb4 32.Nxb4 Ra4 33.Qe2 f4 34.gxf4 Qxf4 35.Qf3 Qd6
36.Qg3 Qe6 37.Kh2 Rg4 38.Qh3 Qd6+ 39.Kh1 h5 40.Nd3 Qf6 41.Rg1
Rxh4 42.Rg3 Rxh3+ 43.Rxh3 Qf5 0-1

[Event "Moscow Open 2009 B"]
[Site "www.moscowchessopen.ru"]
[Date "2009.02.04"]
[Round "5.30"]
[White "Kozlov, Vladimir N"]
[Black "Pranizin, Gennady"]
[Result "1-0"]
[WhiteElo "2269"]
[BlackElo "2145"]
[Annotator ""]
[Source ""]
[Remark ""]

1.c4 e6 2.g3 Nf6 3.Bg2 d5 4.Nf3 Be7 5.d4 O-O 6.O-O dxc4 7.Qc2
b5 8.a4 c6 9.axb5 cxb5 10.Ng5 h6 11.Bxa8 hxg5 12.Bxg5 Nbd7 13.Rxa7
Qb6 14.Ra1 Qxd4 15.Nc3 b4 16.Rfd1 Qc5 17.Be3 Qh5 18.Bf3 Ng4 19.Bxg4
Qxg4 20.f3 Qh5 21.Ne4 Qb5 22.Qa4 Qxa4 23.Rxa4 f5 24.Nd6 Nf6 25.Nxc4
Nd5 26.Bd4 Bd7 27.Ra7 Bb5 28.Nb6 Nxb6 29.Rxe7 Rb8 30.Rxg7+ Kf8
31.Rh7 1-0

[Event "Moscow Open 2009 B"]
[Site "www.moscowchessopen.ru"]
[Date "2009.02.04"]
[Round "5.31"]
[White "Golynsky, Yuri"]
[Black "Uliashev, Pavel"]
[Result "0-1"]
[WhiteElo "2164"]
[BlackElo "2267"]
[Annotator ""]
[Source ""]
[Remark ""]

1.e4 c5 2.Nf3 e6 3.d3 b5 4.g3 Nc6 5.Bg2 Nge7 6.O-O Nd4 7.Nfd2
e5 8.Nc3 d6 9.Nd5 Nxd5 10.exd5 Be7 11.c3 Nf5 12.a4 b4 13.a5 Rb8
14.Nc4 O-O 15.Bd2 Bg5 16.Be1 bxc3 17.bxc3 Nh6 18.Bd2 Bxd2 19.Qxd2
Ba6 20.Ne3 f5 21.f4 e4 22.c4 exd3 23.Qxd3 Qf6 24.Ra3 Rfe8 25.Rf2
Qd4 26.h3 Qxd3 27.Rxd3 Kf7 28.Rc3 g6 29.Bf3 Kf6 30.g4 g5 31.fxg5+
Kxg5 32.h4+ Kxh4 33.Rh2+ Kg5 34.Rh5+ Kg6 35.gxf5+ Kg7 36.f6+
Kg6 37.Ng2 Rg8 38.Kf2 Rb2+ 39.Kf1 Nf5 40.Be2 Kxf6 41.Rf3 Rg5
42.Rxg5 Kxg5 43.Bd3 Bc8 44.Kg1 Rxg2+ 45.Kxg2 Nh4+ 46.Kg3 Nxf3
47.Kxf3 Bf5 48.Bf1 h5 49.Kg3 Bg4 0-1

[Event "Moscow Open 2009 B"]
[Site "www.moscowchessopen.ru"]
[Date "2009.02.04"]
[Round "5.32"]
[White "Gulevich, Artem"]
[Black "Fokin, Sergey"]
[Result "0-1"]
[WhiteElo "2264"]
[BlackElo "2142"]
[Annotator ""]
[Source ""]
[Remark ""]

1.c4 c5 2.Nc3 Nf6 3.g3 Nc6 4.Bg2 b6 5.e4 Bb7 6.e5 Ng8 7.Nge2
Qb8 8.Bxc6 Bxc6 9.O-O e6 10.d4 cxd4 11.Nxd4 Bb7 12.Ncb5 a6 13.Nd6+
Bxd6 14.exd6 Qxd6 15.Bf4 Qc5 16.Rc1 Ne7 17.Nb3 Qc6 18.f3 O-O
19.Qd6 Rfe8 20.Rc3 Nc8 21.Qxc6 Bxc6 22.Rd1 e5 23.Be3 d6 24.Kf2
Kf8 25.Nc1 Ke7 26.Nd3 a5 27.b3 Rb8 28.Bc1 Ke6 29.Ba3 Rb7 30.Ne1
Rd7 31.Nc2 d5 32.cxd5+ Bxd5 33.Re3 f6 34.Nd4+ Kf7 35.Nb5 Red8
36.Red3 Ne7 37.Nc3 Bc6 38.Rxd7 Rxd7 39.Rxd7 Bxd7 40.Bxe7 Kxe7
41.Nd5+ Kd6 42.Nxb6 Bb5 43.Ke3 Kc5 44.Nc8 Bd7 0-1

[Event "Moscow Open 2009 B"]
[Site "www.moscowchessopen.ru"]
[Date "2009.02.04"]
[Round "5.33"]
[White "Andreev, Viktor"]
[Black "Muhtarov, Leonid"]
[Result "1-0"]
[WhiteElo "2258"]
[BlackElo "2124"]
[Annotator ""]
[Source ""]
[Remark ""]

1.e4 c5 2.Nf3 e6 3.d4 cxd4 4.c3 dxc3 5.Nxc3 a6 6.a4 Nc6 7.Bc4
Nge7 8.O-O Ng6 9.Qe2 d6 10.Rd1 Be7 11.Be3 Bd7 12.h4 Qa5 13.g3
Qh5 14.Rd2 Rc8 15.Qd1 Qa5 16.Be2 Nce5 17.Qb3 Nxf3+ 18.Bxf3 Ne5
19.Be2 b5 20.Rd4 O-O 21.Ra2 Nc6 22.axb5 Nxd4 23.Bxd4 Qc7 24.b6
Qb7 25.Bxa6 Rxc3 26.Qxc3 Qxe4 27.Bd3 Qg4 28.b7 Ba4 29.b3 Qd1+
30.Kh2 Bxb3 31.Rd2 Qg4 32.Qxb3 Bxh4 33.b8Q Bxg3+ 34.fxg3 1-0

[Event "Moscow Open 2009 B"]
[Site "www.moscowchessopen.ru"]
[Date "2009.02.04"]
[Round "5.34"]
[White "Gumirov, Konstantin L"]
[Black "Tarasova, Viktoriya"]
[Result "0-1"]
[WhiteElo "2163"]
[BlackElo "2257"]
[Annotator ""]
[Source ""]
[Remark ""]

1.e4 e5 2.Nf3 Nc6 3.Bb5 a6 4.Ba4 Nf6 5.Qe2 Bc5 6.c3 b5 7.Bb3
d6 8.a4 Rb8 9.axb5 axb5 10.h3 O-O 11.d3 b4 12.Nbd2 d5 13.O-O
Bb7 14.Rd1 Re8 15.Nf1 bxc3 16.bxc3 d4 17.Ng5 Rf8 18.c4 Ne7 19.f4
Nd7 20.Ng3 h6 21.Nf3 exf4 22.Bxf4 Ng6 23.Bd2 Bxe4 24.Qxe4 Rxb3
25.Ba5 Re8 26.Qd5 Nf4 27.Qf5 Ne6 28.Ne4 Be7 29.Ne5 Nxe5 30.Qxe5
Qd7 31.Rab1 Reb8 32.Rxb3 Rxb3 33.Rf1 Rb8 34.Qf5 Rf8 35.Rf3 c6
36.Bd2 g6 37.Qe5 f5 38.Bxh6 fxe4 39.Qxe4 Rxf3 40.Qxg6+ Kh8 41.gxf3
Bf8 42.Kh2 Bxh6 43.Qxh6+ Kg8 44.f4 Qf7 45.Kg3 Qf5 0-1

[Event "Moscow Open 2009 B"]
[Site "www.moscowchessopen.ru"]
[Date "2009.02.04"]
[Round "5.35"]
[White "Matveev, Stanislav"]
[Black "Bazarov, Konstantin"]
[Result "0-1"]
[WhiteElo "2161"]
[BlackElo "2256"]
[Annotator ""]
[Source ""]
[Remark ""]

1.e4 d5 2.exd5 Qxd5 3.Nc3 Qa5 4.d4 Nf6 5.Nf3 c6 6.Bc4 Bf5 7.Ne5
e6 8.g4 Bg6 9.h4 Nbd7 10.Nxd7 Nxd7 11.h5 Be4 12.Rh3 Bd5 13.Bd3
O-O-O 14.Bd2 Qb6 15.Nxd5 exd5 16.c3 Bd6 17.Qb3 Rde8+ 18.Kf1 Qc7
19.Rf3 f6 20.Re1 Rxe1+ 21.Kxe1 Re8+ 22.Kf1 h6 23.Qc2 Kb8 24.Bg6
Re7 25.Qf5 Qd8 26.Re3 Nf8 27.b3 Rxe3 28.Bxe3 Qe7 29.c4 dxc4 30.bxc4
Bc7 31.Qe4 Nxg6 32.Qxg6 b6 33.Kg2 Kb7 34.Kf3 Bd6 35.Qe4 Qd7 36.d5
c5 37.Qe6 Qc7 38.Ke4 b5 39.Kf5 bxc4 40.Kg6 c3 41.Qf7 Be5 42.f4
Qxf7+ 43.Kxf7 Bd4 44.Bc1 c4 45.f5 Bf2 46.d6 Kc6 47.Ke6 Bb6 48.d7
c2 49.Kf7 Kxd7 50.Kxg7 c3 51.Bxh6 Bf2 52.Kxf6 Be1 0-1

[Event "Moscow Open 2009 B"]
[Site "www.moscowchessopen.ru"]
[Date "2009.02.04"]
[Round "5.36"]
[White "Merezhko, Igor"]
[Black "Sargissyan, Sargis"]
[Result "0-1"]
[WhiteElo "2254"]
[BlackElo "2119"]
[Annotator ""]
[Source ""]
[Remark ""]

1.e4 e6 2.d4 d5 3.Nd2 Nf6 4.e5 Nfd7 5.Bd3 c5 6.c3 Nc6 7.Ne2 cxd4
8.cxd4 f6 9.exf6 Nxf6 10.Nf3 Bd6 11.O-O O-O 12.Bf4 Bxf4 13.Nxf4
Ne4 14.Ne2 Nd6 15.Ng3 Qf6 16.Re1 g6 17.Bf1 Bd7 18.Qd2 Qg7 19.Ne5
Rf6 20.Qg5 Nf7 21.Qd2 Nfxe5 22.dxe5 Rf7 23.Bb5 Raf8 24.f3 Nxe5
25.Bxd7 Rxd7 26.Qe2 Nc6 27.Qxe6+ Qf7 28.Qg4 Re7 29.Qg5 Rfe8 30.Qd2
Rxe1+ 31.Rxe1 Rxe1+ 32.Qxe1 Qf6 33.Qe8+ Kg7 34.Qd7+ Qf7 35.Qg4
Kf8 36.h4 Ne5 37.Qc8+ Kg7 38.Qc3 Qf6 39.Ne2 Nc6 40.Qb3 Qe7 41.Kf1
Qb4 42.Qxd5 Qxh4 43.g3 Qd8 44.Qb3 Qe7 45.Nf4 Qf7 46.Qc3+ Qf6
47.Qd2 Qe7 48.Kg2 Kg8 49.Qd5+ Qf7 50.Ne6 h6 51.a3 Qe7 52.Nd8+
Kg7 53.Nxc6 bxc6 54.Qxc6 Qe2+ 55.Kh3 h5 56.Qc7+ Kh6 57.Qf4+ Kg7
58.b4 Qe6+ 59.Kh4 Qe7+ 60.Qg5 Qe1 61.Qc5 Qe6 62.Qd4+ Kh7 63.Qe4
Qf6+ 64.Kh3 Qa1 65.Qe7+ Kh6 66.Qe3+ Kg7 67.Qxa7+ Kh6 68.Qe3+
Kh7 69.Kh4 Qf6+ 70.Kh3 Qb2 71.Qe7+ Kh6 72.Qe3+ Kh7 73.f4 Qa1
74.Qf3 Qb1 75.Kh4 Qb2 76.Kg5 Qg7 77.Qc6 Qh6+ 78.Kh4 g5+ 79.fxg5
Qxc6 80.Kxh5 Qf3+ 81.Kh4 Kg6 0-1

[Event "Moscow Open 2009 B"]
[Site "www.moscowchessopen.ru"]
[Date "2009.02.04"]
[Round "5.37"]
[White "Baranov, Ilja"]
[Black "Gaponenko, Leonid"]
[Result "1-0"]
[WhiteElo "2247"]
[BlackElo "2115"]
[Annotator ""]
[Source ""]
[Remark ""]

1.d4 Nf6 2.c4 g6 3.Nc3 Bg7 4.e4 d6 5.f3 O-O 6.Be3 Nc6 7.Qd2 a6
8.Nge2 Rb8 9.Rb1 b5 10.cxb5 axb5 11.b4 Bd7 12.d5 Ne5 13.Nd4 Nc4
14.Bxc4 bxc4 15.Qe2 e5 16.Nc2 c6 17.dxc6 Bxc6 18.Qxc4 Rc8 19.Qe2
Bb7 20.Rb3 d5 21.Bc5 Re8 22.O-O d4 23.Rd1 Nd7 24.Na4 Bc6 25.b5
Bxe4 26.fxe4 Nxc5 27.Nxc5 Rxc5 28.Nb4 Qa5 29.Nd5 f5 30.b6 fxe4
31.Nc7 Rb8 32.Na6 d3 33.Qe3 Rc2 34.Nxb8 Re2 35.Qc1 Rc2 36.Qa3
Qd5 37.Nc6 Bf8 38.Qxf8+ Kxf8 39.b7 e3 40.b8Q+ Kg7 41.Qxe5+ Qxe5
42.Nxe5 e2 43.Rbxd3 exd1Q+ 44.Rxd1 Rxa2 45.Nf3 1-0

[Event "Moscow Open 2009 B"]
[Site "www.moscowchessopen.ru"]
[Date "2009.02.04"]
[Round "5.38"]
[White "Sinelnikov, Igor"]
[Black "Pletnev, Evgeniy"]
[Result "1-0"]
[WhiteElo "2158"]
[BlackElo "2246"]
[Annotator ""]
[Source ""]
[Remark ""]

1.e4 Nc6 2.Nf3 d5 3.exd5 Qxd5 4.Nc3 Qa5 5.Bb5 Bd7 6.O-O O-O-O
7.a3 e5 8.d3 a6 9.Bxc6 Bxc6 10.Bg5 e4 11.b4 Qf5 12.dxe4 Rxd1
13.Raxd1 Qxg5 14.Nxg5 Nh6 15.Nd5 Bd6 16.f4 f6 17.Ne6 Rg8 18.e5 1-0

[Event "Moscow Open 2009 B"]
[Site "www.moscowchessopen.ru"]
[Date "2009.02.04"]
[Round "5.39"]
[White "Ryzhov, Vladimir"]
[Black "Vetryansky, Vladimir"]
[Result "1-0"]
[WhiteElo "2246"]
[BlackElo "2114"]
[Annotator ""]
[Source ""]
[Remark ""]

1.e4 c6 2.d4 d5 3.e5 Bf5 4.Ne2 e6 5.Ng3 Bg6 6.h4 h6 7.h5 Bh7
8.Bd3 Bxd3 9.cxd3 Qb6 10.Qg4 Qb5 11.O-O Qxd3 12.Nc3 Ne7 13.Be3
Nd7 14.Rad1 Qh7 15.b4 g6 16.b5 c5 17.dxc5 Nxe5 18.Qe2 Bg7 19.Bd4
Nd7 20.hxg6 Qxg6 21.c6 bxc6 22.bxc6 Nb6 23.Bxg7 Qxg7 24.Rd3 h5
25.Nb5 Kf8 26.Nxh5 Qg5 27.Rh3 Nxc6 28.Nc7 Rd8 29.Nf4 Nd4 30.Qd2
Qe5 31.Re1 Qg7 32.Qb4+ Kg8 33.Rg3 Qxg3 34.fxg3 Nc2 35.Qe7 Rd7
36.Qg5+ Kf8 37.Ncxe6+ fxe6 38.Nxe6+ Ke8 39.Nc7+ Kf8 40.Re8+ Kf7
41.Rxh8 Rxc7 42.Rh7+ Ke6 43.Rxc7 1-0

[Event "Moscow Open 2009 B"]
[Site "www.moscowchessopen.ru"]
[Date "2009.02.04"]
[Round "5.40"]
[White "Zavialov, Vladimir"]
[Black "Chirva, Leonid"]
[Result "1-0"]
[WhiteElo "2157"]
[BlackElo "2245"]
[Annotator ""]
[Source ""]
[Remark ""]

1.d4 Nf6 2.Nf3 g6 3.Bf4 Bg7 4.e3 d6 5.h3 O-O 6.Bc4 c6 7.O-O b5
8.Bb3 Nbd7 9.Nbd2 Nb6 10.c3 Bf5 11.Bc2 Bxc2 12.Qxc2 a5 13.e4
Nfd7 14.e5 d5 15.Bg5 f6 16.exf6 exf6 17.Bf4 Re8 18.Rfe1 Nf8 19.Rxe8
Qxe8 20.Re1 Qd7 21.Nb3 Ne6 22.Bg3 Bf8 23.Qe2 Kf7 24.Nc1 Re8 25.Qc2
Bd6 26.Bxd6 Qxd6 27.Nd3 Nd7 28.Qc1 g5 29.Qc2 Ndf8 30.Qd2 Ng6
31.Nh2 Ngf4 32.Ng4 h5 33.Ne3 Ng7 34.Nc5 a4 35.b3 axb3 36.axb3
Ra8 37.Qc2 Re8 38.Ra1 Qc7 39.Nf5 Nxf5 40.Qxf5 Ng6 41.g3 h4 42.Qf3
hxg3 43.fxg3 Qe7 44.Rf1 Qe3+ 45.Kg2 Qxf3+ 46.Kxf3 Ra8 47.Kg4
Ra7 48.h4 gxh4 49.gxh4 Ne7 50.h5 Ra8 51.Nd7 f5+ 52.Kf4 Rg8 53.Ne5+
Kf6 54.Rh1 Rh8 55.Rh2 Rh6 56.Nd7+ Kg7 57.Rg2+ Kf7 58.Kg5 Re6
59.Ne5+ Kg7 60.Rh2 Rh6 61.Rh1 Re6 62.Ra1 Kh7 63.Ra7 Kg8 64.Ra8+
Kg7 65.Ra7 1-0

[Event "Moscow Open 2009 B"]
[Site "www.moscowchessopen.ru"]
[Date "2009.02.04"]
[Round "5.41"]
[White "Gansvind, Valeriya I"]
[Black "Petukhov, Yury"]
[Result "1/2-1/2"]
[WhiteElo "2244"]
[BlackElo "2098"]
[Annotator ""]
[Source ""]
[Remark ""]

1.d4 d6 2.g3 c6 3.Bg2 h6 4.b3 g5 5.Bb2 Bg7 6.e3 Nd7 7.h4 Ngf6
8.hxg5 hxg5 9.Rxh8+ Bxh8 10.Nd2 Qa5 11.c3 g4 12.Ne2 Nf8 13.Qc2
Bg7 14.Nc4 Qg5 15.Nd2 Bf5 16.Ne4 Qg6 17.Nxf6+ Qxf6 18.Be4 Bd7
19.Nf4 Qg5 20.O-O-O f5 21.Bg2 e5 22.dxe5 dxe5 23.Nd3 Qe7 24.c4
O-O-O 25.Bc3 Ng6 26.Qb2 Re8 27.Rh1 Rh8 28.Rxh8+ Bxh8 29.Qd2 Be8
30.Kb1 Qh7 31.Kb2 e4 32.Nf4 Nxf4 33.exf4 Bg7 34.Bxg7 Qxg7+ 35.Qc3
Qd7 36.Kc2 Qh7 37.Qd4 Qh2 38.Bf1 Qg1 39.Be2 b6 40.c5 b5 41.a4
Qe1 42.Bd1 a6 43.axb5 axb5 44.Kb2 Bf7 45.Bc2 Bd5 46.Qh8+ Kc7
47.Qg7+ Kc8 48.Qf8+ 1/2-1/2

[Event "Moscow Open 2009 B"]
[Site "www.moscowchessopen.ru"]
[Date "2009.02.04"]
[Round "5.42"]
[White "Goroshilov, Vladislav"]
[Black "Rozhkov, Vecheslav"]
[Result "0-1"]
[WhiteElo "2147"]
[BlackElo "2243"]
[Annotator ""]
[Source ""]
[Remark ""]

1.d4 d5 2.c4 dxc4 3.Nf3 Nf6 4.e3 e6 5.Bxc4 a6 6.Ne5 Bd6 7.O-O
O-O 8.f4 c5 9.Nc3 b5 10.Qf3 Qb6 11.Bd3 Bb7 12.Qh3 h6 13.Rf2 Nc6
14.Ne4 Nxe4 15.Bxe4 Nxe5 16.Bxb7 Nd3 17.Bxa8 Nxf2 18.Qf3 Nd3
19.Be4 Nxc1 20.Rxc1 cxd4 21.Rc6 Qa5 22.Qe2 dxe3 23.g3 Be7 24.a3
Qd2 25.Qxd2 exd2 26.Bc2 Bf6 27.b3 Rd8 28.Bd1 a5 29.a4 bxa4 30.bxa4
g6 31.Kf1 Be7 32.Ke2 Rd7 33.Rc2 Bb4 34.Rc4 Kg7 35.Ke3 Ra7 36.Re4
Rc7 37.Ke2 Rc5 38.Kd3 Kf6 39.Rc4 Rxc4 40.Kxc4 Kf5 41.Kd4 g5 42.fxg5
hxg5 43.Ke3 Ke5 44.h3 f5 45.Bf3 Kf6 46.g4 Ke5 47.Bd1 f4+ 48.Kd3
Bc5 49.Bf3 Be3 50.Bd1 Kd5 51.Bf3+ Kc5 52.Kc3 e5 53.Kd3 Kb4 54.Bd1
Ka3 55.Bf3 Kb2 56.h4 gxh4 57.g5 h3 58.g6 h2 59.g7 e4+ 60.Kxe4
d1Q 61.g8Q Qxf3+ 62.Kxf3 h1Q+ 0-1

[Event "Moscow Open 2009 B"]
[Site "www.moscowchessopen.ru"]
[Date "2009.02.04"]
[Round "5.43"]
[White "Melkonian, Vardan"]
[Black "Andreev, Gennadiy"]
[Result "1-0"]
[WhiteElo "2238"]
[BlackElo "2095"]
[Annotator ""]
[Source ""]
[Remark ""]

1.d4 d5 2.Nf3 c6 3.Bf4 Nf6 4.e3 e6 5.c4 Bb4+ 6.Nbd2 Ne4 7.a3
Bd6 8.Bxd6 Qxd6 9.c5 Qc7 10.Nxe4 dxe4 11.Nd2 f5 12.Qh5+ Qf7 13.Qxf7+
Kxf7 14.f3 exf3 15.gxf3 Nd7 16.f4 Nf6 17.Nc4 Nd5 18.Bg2 Rd8 19.Kf2
Kf8 20.b4 Bd7 21.Rhc1 Rab8 22.Ne5 Be8 23.Rab1 Nc7 24.a4 a6 25.Nc4
Ke7 26.Bf3 Nd5 27.Bxd5 exd5 28.Nd6 Bd7 29.b5 axb5 30.axb5 cxb5
31.Nxb5 Bc6 32.Nd6 g6 33.Rb6 Kd7 34.Rcb1 Kc7 35.h4 Rg8 36.Kg3
Rg7 37.h5 Rd7 38.hxg6 hxg6 39.Nb5+ Bxb5 40.R1xb5 Rg7 41.Rd6 Rd8
42.Rbb6 Rdg8 43.Rxd5 1-0

[Event "Moscow Open 2009 B"]
[Site "www.moscowchessopen.ru"]
[Date "2009.02.04"]
[Round "5.44"]
[White "Loginov, Anton"]
[Black "Botoyan, Smbat"]
[Result "1-0"]
[WhiteElo "2232"]
[BlackElo "2092"]
[Annotator ""]
[Source ""]
[Remark ""]

1.d4 Nf6 2.c4 g6 3.Nc3 Bg7 4.e4 d6 5.f3 O-O 6.Bg5 c5 7.d5 a6
8.a4 e6 9.Qd2 exd5 10.cxd5 Re8 11.Nge2 Nbd7 12.Ng3 Qa5 13.Be2
Ne5 14.O-O Qb4 15.Qc2 h6 16.Bf4 Nfd7 17.Rfc1 c4 18.Nd1 Nd3 19.Bxd3
cxd3 20.Qxd3 Qe1+ 21.Nf1 Nc5 22.Qa3 Bd4+ 23.Be3 Bxe3+ 24.Ndxe3
Qh4 25.b4 Nd3 1-0